[Event "Sao Jose dos Campos op 3rd"]
[Site "Sao Jose dos Campos"]
[Date "2021.08.21"]
[Round "1"]
[White "De Paula, Luan Araujo"]
[Black "Teixeira, Felipe Augusto Cass"]
[Result "1-0"]
[WhiteElo "1706"]
[BlackElo "1800"]
[PlyCount "87"]
[EventDate "2021.08.21"]
[EventType "swiss"]
[EventRounds "5"]
[EventCountry "BRA"]
[SourceTitle "CBM 204 Extra"]
[Source "ChessBase"]
[SourceDate "2021.11.30"]
[SourceVersion "1"]
[SourceVersionDate "2021.11.30"]
[SourceQuality "1"]

1. e4 c5 2. Nf3 Nc6 3. Bb5 a6 4. Bxc6 bxc6 5. d4 cxd4 6. Qxd4 d6 7. 0-0 e5 8. Qc4 Bd7 9. Nc3 Nf6 10. Rd1 Qc7 11. Bg5 Be7 12. Bxf6 Bxf6 13. Nd5 Qd8 14. Nxf6+ Qxf6 15. Qb4 0-0-0 16. c4 h6 17. Nd2 Rhe8 18. f3 Qe7 19. Rac1 g6 20. Nb3 c5 21. Qa4 f5 22. Na5 fxe4 23. Nb7 Bb5 24. Qxb5 Qxb7 25. Qa4 Qb8 26. fxe4 Rf8 27. Rc3 Kc7 28. Rb3 Qa8 29. Qa5+ Kd7 30. Rb6 Qc8 31. Rbxd6+ Ke7 32. Rxd8 Rxd8 33. Rxd8 Qxd8 34. Qxc5+ Kf6 35. Qf2+ Ke6 36. h3 Qd1+ 37. Kh2 Qd4 38. Qxd4 exd4 39. Kg3 Ke5 40. Kf3 a5 41. c5 h5 42. Ke2 g5 43. Kd3 Kf4 44. c6 1-0